<?xml version="1.0" encoding="UTF-8"?>
<record
    xmlns:xsi="http://www.w3.org/2001/XMLSchema-instance"
    xsi:schemaLocation="http://www.loc.gov/MARC21/slim http://www.loc.gov/standards/marcxml/schema/MARC21slim.xsd"
    xmlns="http://www.loc.gov/MARC21/slim">

  <leader>01284nam a2200277 a 4500</leader>
  <controlfield tag="001">78409</controlfield>
  <controlfield tag="003">BD-RjUL</controlfield>
  <controlfield tag="005">20211209083127.0</controlfield>
  <controlfield tag="008">020227s1964    ua       b    000 0bara d</controlfield>
  <datafield tag="035" ind1=" " ind2=" ">
    <subfield code="a">(BD-RjUL)78635</subfield>
  </datafield>
  <datafield tag="040" ind1=" " ind2=" ">
    <subfield code="a">DLC</subfield>
    <subfield code="c">DLC</subfield>
    <subfield code="d">MH</subfield>
    <subfield code="d">CStRLIN</subfield>
    <subfield code="d">CtY</subfield>
    <subfield code="d">UkOxU</subfield>
    <subfield code="b">eng</subfield>
  </datafield>
  <datafield tag="041" ind1=" " ind2=" ">
    <subfield code="a">ara</subfield>
  </datafield>
  <datafield tag="082" ind1=" " ind2=" ">
    <subfield code="2">23</subfield>
    <subfield code="a">297.09103</subfield>
    <subfield code="b">ADR 1964</subfield>
  </datafield>
  <datafield tag="100" ind1="1" ind2=" ">
    <subfield code="a">&#x639;&#x62F;&#x648;&#x64A;&#x60C; &#x625;&#x628;&#x631;&#x627;&#x647;&#x64A;&#x645; &#x623;&#x62D;&#x645;&#x62F; ;; Adaw&#x12B;, Ibr&#x101;h&#x12B;m A&#x1E25;mad.</subfield>
    <subfield code="9">248132</subfield>
  </datafield>
  <datafield tag="245" ind1="1" ind2="0">
    <subfield code="a">&#x631;&#x634;&#x64A;&#x62F; &#x631;&#x636;&#x627;&#x60C; &#x627;&#x644;&#x627;&#x645;&#x627;&#x645; &#x627;&#x644;&#x645;&#x62C;&#x627;&#x647;&#x62F; ;; Rash&#x12B;d Ri&#x1E0D;&#x101; :</subfield>
    <subfield code="b">al-Im&#x101;m al-Muj&#x101;hid /</subfield>
    <subfield code="c">&#x644;&#x625;&#x628;&#x631;&#x627;&#x647;&#x64A;&#x645; &#x623;&#x62D;&#x645;&#x62F; &#x627;&#x644;&#x639;&#x62F;&#x648;&#x64A;.;; li-Ibr&#x101;h&#x12B;m A&#x1E25;mad al-&#x2BF;Adaw&#x12B;.</subfield>
  </datafield>
  <datafield tag="260" ind1=" " ind2=" ">
    <subfield code="a">&#x627;&#x644;&#x642;&#x627;&#x647;&#x631;&#x629;]: ;; [al-Q&#x101;hirah] :</subfield>
    <subfield code="b">&#x627;&#x644;&#x645;&#x624;&#x633;&#x633;&#x629; &#x627;&#x644;&#x645;&#x635;&#x631;&#x64A;&#x629; &#x627;&#x644;&#x639;&#x627;&#x645;&#x629; &#x644;&#x644;&#x62A;&#x623;&#x644;&#x64A;&#x641; &#x648;&#x627;&#x644;&#x623;&#x646;&#x628;&#x627;&#x621; &#x648;&#x627;&#x644;&#x646;&#x634;&#x631;&#x60C; ;; al-Mu&#x2BC;assasah al-Mi&#x1E63;r&#x12B;yah al-&#x2BF;Ammah lil-Ta&#x2BC;l&#x12B;f wa-al-Anb&#x101;&#x2BF; wa al-Nashr</subfield>
    <subfield code="c">[1964?]</subfield>
  </datafield>
  <datafield tag="300" ind1=" " ind2=" ">
    <subfield code="a">288 p. ;</subfield>
    <subfield code="c">20 cm.</subfield>
  </datafield>
  <datafield tag="490" ind1="0" ind2=" ">
    <subfield code="a">&#x623;&#x639;&#x644;&#x627;&#x645; &#x627;&#x644;&#x639;&#x631;&#x628; &#x61B; ;; alam -&#x2BF;Arab ;</subfield>
    <subfield code="v">33</subfield>
    <subfield code="v">&#x663;&#x663;</subfield>
  </datafield>
  <datafield tag="504" ind1=" " ind2=" ">
    <subfield code="a">Bibliography: p. 285-287.</subfield>
  </datafield>
  <datafield tag="600" ind1="0" ind2="0">
    <subfield code="a">Mu&#x1E25;ammad Rash&#x12B;d Ri&#x1E0D;&#x101;.</subfield>
    <subfield code="9">248143</subfield>
  </datafield>
  <datafield tag="600" ind1="0" ind2="0">
    <subfield code="a">&#x631;&#x636;&#x627;&#x60C; &#x645;&#x62D;&#x645;&#x62F; &#x631;&#x634;&#x64A;&#x62F;&#x60C;   </subfield>
    <subfield code="d">1865-1935</subfield>
    <subfield code="9">248144</subfield>
  </datafield>
  <datafield tag="650" ind1=" " ind2=" ">
    <subfield code="a"> Islam </subfield>
    <subfield code="v"> History </subfield>
    <subfield code="y">19th century  </subfield>
    <subfield code="9">248135</subfield>
  </datafield>
  <datafield tag="650" ind1=" " ind2=" ">
    <subfield code="a"> Islam </subfield>
    <subfield code="v"> History </subfield>
    <subfield code="y">20th centur</subfield>
    <subfield code="9">248136</subfield>
  </datafield>
  <datafield tag="830" ind1=" " ind2=" ">
    <subfield code="a">&#x623;&#x639;&#x644;&#x627;&#x645; &#x627;&#x644;&#x639;&#x631;&#x628; &#x61B;</subfield>
    <subfield code="v">33</subfield>
    <subfield code="9">248137</subfield>
  </datafield>
  <datafield tag="942" ind1=" " ind2=" ">
    <subfield code="2">ddc</subfield>
    <subfield code="c">BK</subfield>
  </datafield>
  <datafield tag="999" ind1=" " ind2=" ">
    <subfield code="c">78409</subfield>
    <subfield code="d">78409</subfield>
  </datafield>
  <datafield tag="952" ind1=" " ind2=" ">
    <subfield code="0">0</subfield>
    <subfield code="1">0</subfield>
    <subfield code="2">ddc</subfield>
    <subfield code="4">0</subfield>
    <subfield code="7">1</subfield>
    <subfield code="8">NFIC</subfield>
    <subfield code="a">RUCL</subfield>
    <subfield code="b">RUCL</subfield>
    <subfield code="c">Reading</subfield>
    <subfield code="d">1973-10-18</subfield>
    <subfield code="e">Quran Manjil , Rajshahi</subfield>
    <subfield code="g">5.00</subfield>
    <subfield code="l">0</subfield>
    <subfield code="o">A 297.09104 ADR 1964</subfield>
    <subfield code="r">2021-09-19 00:00:00</subfield>
    <subfield code="t">C-1</subfield>
    <subfield code="w">2021-12-09</subfield>
    <subfield code="y">BK</subfield>
  </datafield>
</record>
